00655nam a2200181 i 450000100060000000300090000600500170001500700030003200800410003510000390007624501120011525000120022726000330023930000300027285200320030299900170033495201220035137967ES-MaACL20230906155655.0t|030224s1964 sp ||||1| spa d1 aBurillo González, Manuel.93268710aGeografía económica b: tercer curso del grado de aprendizaje industrial / cManuel Burillo González. a5ª ed. aLeón : bEverest, c[1964] a262 p. : bil. ; c21 cm. aES-MaACLjC-49820 bR.69327 c37967d37967 00104070aATENEOMbATENEOMcDEPO2d2008-01-17eSCl0oC-49820p1039975r2023-02-23 00:00:00w2023-02-23yMONOGRAFIA